000 00420nam a2200157Ia 4500
008 210210b2005 xxu||||| |||| 00| 0 eng d
020 _a81 229 0194 8
082 _a070.44 ARMC
100 _aARMSTRONG (Rob).
245 _aCovering politics: a handbook for journalists.
260 _aDelhi
_bSurjeet publications
_c2005
300 _a285
650 _aPolitical journalism
690 _aJournalism
906 _a059898
999 _c107097
_d107097